| 000 | 00991cab a2200205 4500 | ||
|---|---|---|---|
| 001 | X129076 | ||
| 008 | 050316n2005 000 0 eng u | ||
| 035 | _a(Sirsi) u129076 | ||
| 100 | _aHouston, R. | ||
| 245 | _aCracking the landlord and capital markets code | ||
| 260 | _c2005 | ||
| 490 |
_aJournal of Corporate Real Estate _v7(1) January 2005, 49-54(5) |
||
| 520 | _aLooks at three routes to maximising the value of a corporate real estate portfolio in the UK: know what space you have and ensure its efficient use; know your landlord with up to date corporate intelligence and; research capital markets and use them to your advantage. These apply also to other countries. Identifies major shortcomings in the way that corporates (at least in the UK) approach the management of their real estate. [Taken from journal abstract.] | ||
| 590 | _aABS | ||
| 650 | _aCORPORATE REAL ESTATE | ||
| 650 | _aPORTFOLIOS | ||
| 650 |
_aInvestments _96250 |
||
| 690 | _aINVESTMENT | ||
| 942 | _n0 | ||
| 999 |
_c74931 _d74931 |
||